000 00307nam a2200121Ia 4500
005 20251222144725.0
008 251222s9999||||xx |||||||||||||| ||spa||
082 _a692.3/V35A
100 _aVásquez Bustamante, Oscar
245 0 _aMetrado de Acero en Edificaciones
264 _bOscar Vasquez
942 _cLIB
999 _c18374
_d18374